Countries bordering the Eurozone in 2002 - Statistics

General Stats
  • This quiz has been taken 17 times
  • The average score is 18 of 19
Answer Stats
€uro borders Answer % Correct
Greece Albania
100%
Greece Bulgaria
100%
Austria, Germany Czechia
100%
Germany Denmark
100%
Austria Hungary
100%
Greece North Macedonia
100%
Germany Poland
100%
Austria Slovakia
100%
Austria, Italy Slovenia
100%
Austria, France, Germany, Italy Switzerland
100%
Greece Turkey
100%
Ireland (+Spain) United Kingdom
100%
Austria Liechtenstein
92%
Finland Norway
92%
Finland Russia
92%
Finland Sweden
92%
Spain Morocco
69%
France Brazil
62%
France Suriname
62%
No matching quizzes found
Score Distribution
Percent of People with Each Score
Percentile by Number Answered
Your Score History
You have not taken this quiz